000 00581nam a2200229Ia 4500
003 OSt
005 20220924142847.0
006 a|||||r|||| 00| 0
007 ta
008 ASM
024 _a303562
037 _cTextual
040 _aARTS
_cARTS
_bASM
041 _2ASM
_aASM
082 _aO158,1NSAx, N6
100 _aSaikiani Chandra Prova
_9214192
245 0 _aChandra prova saikianir kavitamala
260 _c1996
650 _aASSAMESE LITERATURE
_911738
942 _hO158,1NSAx, N6
_cTEXL
_2CC
999 _c452210
_d452210